[Event "SB-2011-0-00197"]
[Site "LSS email"]
[Date "2011.12.13"]
[Round "?"]
[White "Gazen, Louis"]
[Black "Lifshitz, Samuel"]
[Result "1-0"]
[WhiteElo "1839"]
[BlackElo "1686"]
[PlyCount "47"]
[EventDate "2011.11.23"]
[EventType "tourn (corr)"]
[EventRounds "6"]
[EventCountry "GER"]
[SourceTitle "Telechess CBM 155"]
[Source "ChessBase"]
[SourceDate "2013.07.16"]
[SourceVersion "1"]
[SourceVersionDate "2013.07.16"]
[SourceQuality "1"]

1. e4 e6 2. Nf3 d5 3. e5 c5 4. Bb5+ Nc6 5. d3 Qa5+ 6. Nc3 d4 7. Bd2 dxc3 8. Bxc6+ bxc6 9. Bxc3 Qc7 10. 0-0 Ne7 11. a4 Nd5 12. Qd2 Be7 13. Rae1 0-0 14. Re4 Ba6 15. Ba5 Qb7 16. b3 Rab8 17. Rg4 Kh8 18. Ng5 Qd7 19. Re1 g6 20. Nxh7 Kxh7 21. c4 Nb4 22. Re3 Rh8 23. Rh3+ Kg7 24. Bxb4 1-0

[Event "SB-2011-0-00197"]
[Site "LSS email"]
[Date "2011.12.13"]
[Round "?"]
[White "Korinek, Jaroslav"]
[Black "Lifshitz, Samuel"]
[Result "1-0"]
[WhiteElo "1773"]
[BlackElo "1686"]
[PlyCount "59"]
[EventDate "2011.11.23"]
[EventType "tourn (corr)"]
[EventRounds "6"]
[EventCountry "GER"]
[SourceTitle "Telechess CBM 155"]
[Source "ChessBase"]
[SourceDate "2013.07.16"]
[SourceVersion "1"]
[SourceVersionDate "2013.07.16"]
[SourceQuality "1"]

1. d4 f5 2. Nf3 Nf6 3. c4 g6 4. g3 Bg7 5. Nc3 0-0 6. Bg2 d6 7. 0-0 c6 8. Qc2 Kh8 9. Rd1 Be6 10. d5 Bd7 11. c5 cxd5 12. cxd6 exd6 13. Bf4 Bc6 14. Ng5 Qe7 15. Nxd5 Nxd5 16. Bxd5 Be5 17. Qc4 Bxd5 18. Rxd5 Nc6 19. Rad1 a6 20. Rxd6 Bxd6 21. Rxd6 Rae8 22. Ne6 Rf7 23. Qd5 Rc8 24. h4 Kg8 25. Ng5 Rcf8 26. Bd2 a5 27. Bc3 a4 28. Kf1 Ra8 29. e4 a3 30. b4 1-0

[Event "SB-2011-0-00197"]
[Site "LSS email"]
[Date "2011.12.13"]
[Round "?"]
[White "Lifshitz, Samuel"]
[Black "Le Duigou, Jean Guy"]
[Result "0-1"]
[WhiteElo "1686"]
[BlackElo "1844"]
[PlyCount "72"]
[EventDate "2011.11.23"]
[EventType "tourn (corr)"]
[EventRounds "6"]
[EventCountry "GER"]
[SourceTitle "Telechess CBM 155"]
[Source "ChessBase"]
[SourceDate "2013.07.16"]
[SourceVersion "1"]
[SourceVersionDate "2013.07.16"]
[SourceQuality "1"]

1. e4 e6 2. d4 d5 3. Nd2 c5 4. Ngf3 Nc6 5. c3 Nf6 6. e5 Nd7 7. Bd3 Qb6 8. 0-0 cxd4 9. cxd4 Nxd4 10. Nxd4 Qxd4 11. Nf3 Qb6 12. Qa4 Be7 13. Bd2 0-0 14. Qc2 f5 15. exf6 Nxf6 16. Be3 Qd6 17. Bd4 Bd7 18. Ne5 a6 19. Nxd7 Qxd7 20. Bxf6 Rxf6 21. Bxh7+ Kh8 22. Bd3 e5 23. Rad1 Bd6 24. Qb3 e4 25. Bb1 Rd8 26. h3 Bb8 27. Rfe1 Qd6 28. Qg3 Qxg3 29. fxg3 Rfd6 30. Rf1 R6d7 31. g4 g6 32. Kf2 Re8 33. Rde1 Be5 34. b3 Bc3 35. Rc1 d4 36. Rfd1 Ba5 0-1

[Event "SB-2011-0-00188"]
[Site "LSS email"]
[Date "2011.11.05"]
[Round "?"]
[White "Lifshitz, Samuel"]
[Black "Mostowik, Daniel"]
[Result "1-0"]
[WhiteElo "1686"]
[BlackElo "1771"]
[PlyCount "33"]
[EventDate "2011.10.28"]
[EventType "tourn (corr)"]
[EventRounds "6"]
[EventCountry "GER"]
[SourceTitle "Corr 2015"]
[Source "ChessBase"]
[SourceDate "2015.07.17"]
[SourceVersion "1"]
[SourceVersionDate "2015.07.17"]
[SourceQuality "1"]

1. e4 e5 2. Nf3 Nc6 3. d4 exd4 4. c3 dxc3 5. Nxc3 Bc5 6. Bc4 d6 7. 0-0 Be6 8. Bxe6 fxe6 9. Qb3 Qc8 10. Be3 Bxe3 11. fxe3 h6 12. Nd4 Nxd4 13. exd4 a6 14. Rf3 Ne7 15. Raf1 Nc6 16. Rf7 Rg8 17. d5 1-0

[Event "SB-2011-0-00188"]
[Site "LSS email"]
[Date "2011.11.05"]
[Round "?"]
[White "Moreira, Carlos Alberto Lima"]
[Black "Lifshitz, Samuel"]
[Result "1-0"]
[WhiteElo "1738"]
[BlackElo "1686"]
[PlyCount "109"]
[EventDate "2011.10.28"]
[EventType "tourn (corr)"]
[EventRounds "6"]
[EventCountry "GER"]
[SourceTitle "Telechess CBM 155"]
[Source "ChessBase"]
[SourceDate "2013.07.16"]
[SourceVersion "1"]
[SourceVersionDate "2013.07.16"]
[SourceQuality "1"]

1. Nf3 f5 2. g3 Nf6 3. c4 e6 4. Bg2 Be7 5. Nc3 0-0 6. 0-0 c6 7. d3 d6 8. Qc2 e5 9. b4 Na6 10. b5 Nc7 11. Rb1 Bd7 12. bxc6 Bxc6 13. d4 e4 14. Nh4 Nfe8 15. d5 Bd7 16. Rxb7 Na6 17. Nxf5 Bxf5 18. Bxe4 Bh3 19. Bxh7+ Kh8 20. Re1 Nc5 21. Rb1 Nf6 22. Bg6 Ng4 23. f4 Bf6 24. e3 Qd7 25. Ne4 Nxe4 26. Bxe4 Bd8 27. Bg2 Bxg2 28. Kxg2 Bb6 29. h3 Nf6 30. e4 Rac8 31. Bb2 Qc7 32. Rbc1 Rfe8 33. Re2 Qf7 34. Rd1 Qc7 35. e5 Qxc4 36. Qxc4 Rxc4 37. Kf3 Nd7 38. Rdd2 Bc5 39. e6 Nf6 40. Bxf6 gxf6 41. Rc2 Ra4 42. Rxc5 dxc5 43. d6 Rd4 44. d7 Re7 45. f5 Kg7 46. Re4 Rd3+ 47. Kf4 Kh6 48. g4 Rd1 49. h4 Rf1+ 50. Kg3 Rd1 51. Rc4 Rg1+ 52. Kf3 Rd1 53. a4 Rd5 54. Kf4 Rg7 55. g5+ 1-0

[Event "SC-2011-0-00122"]
[Site "LSS email"]
[Date "2011.10.18"]
[Round "?"]
[White "Cimicki, Dariusz"]
[Black "Lifshitz, Samuel"]
[Result "1-0"]
[WhiteElo "2107"]
[BlackElo "1686"]
[PlyCount "105"]
[EventDate "2011.09.09"]
[EventType "tourn (corr)"]
[EventRounds "6"]
[EventCountry "GER"]
[SourceTitle "Telechess CBM 155"]
[Source "ChessBase"]
[SourceDate "2013.07.16"]
[SourceVersion "1"]
[SourceVersionDate "2013.07.16"]
[SourceQuality "1"]

1. e4 e6 2. d4 d5 3. Nd2 c5 4. Ngf3 Nf6 5. exd5 exd5 6. Bb5+ Bd7 7. Bxd7+ Nbxd7 8. 0-0 Be7 9. dxc5 Nxc5 10. Nd4 0-0 11. Nf5 Re8 12. Nb3 Nce4 13. Nxe7+ Rxe7 14. Be3 Qc7 15. Bd4 Rae8 16. Re1 b6 17. f3 Nd6 18. Rxe7 Qxe7 19. Bf2 Nc4 20. Qc1 Qb4 21. a3 Qb5 22. a4 Qb4 23. Be1 Qd6 24. Nd4 Nh5 25. b3 Qf6 26. Bc3 Ne5 27. Qd2 Ng6 28. Re1 Rxe1+ 29. Qxe1 h6 30. g3 Qd8 31. a5 Qc8 32. Bb2 Qb8 33. axb6 axb6 34. Qe3 Qc8 35. Qc3 Qd7 36. Qc6 Qd8 37. Nf5 Ne7 38. Qd6 Qxd6 39. Nxd6 Nc6 40. Kf2 g6 41. Ke3 Ng7 42. Bd4 Ne6 43. Bxb6 Kf8 44. Nb5 Ke7 45. Nd4 Kd6 46. Nxe6 fxe6 47. h3 e5 48. f4 exf4+ 49. Kxf4 Nb4 50. c3 Na2 51. Bd4 Nc1 52. b4 Ne2+ 53. Kf3 1-0

[Event "SC-2011-0-00122"]
[Site "LSS email"]
[Date "2011.10.18"]
[Round "?"]
[White "Vodicka, Milan"]
[Black "Lifshitz, Samuel"]
[Result "1-0"]
[WhiteElo "1953"]
[BlackElo "1686"]
[PlyCount "59"]
[EventDate "2011.09.09"]
[EventType "tourn (corr)"]
[EventRounds "6"]
[EventCountry "GER"]
[SourceTitle "Telechess CBM 155"]
[Source "ChessBase"]
[SourceDate "2013.07.16"]
[SourceVersion "1"]
[SourceVersionDate "2013.07.16"]
[SourceQuality "1"]

1. d4 f5 2. g3 Nf6 3. Bg2 e6 4. Nf3 d5 5. 0-0 Bd6 6. c4 c6 7. Qc2 0-0 8. Bg5 b6 9. Ne5 Bb7 10. Nc3 Qe8 11. cxd5 exd5 12. Bxf6 Rxf6 13. f4 Qh5 14. b4 b5 15. a4 Rh6 16. h4 bxa4 17. b5 Kh8 18. Bf3 Qe8 19. Qxf5 Rf6 20. Qd3 a3 21. Rab1 Bxe5 22. fxe5 Rf7 23. e4 cxb5 24. exd5 b4 25. e6 Rf6 26. Rxb4 Ba6 27. Nb5 a2 28. Ra1 Nd7 29. Be4 Rb8 30. Rxa2 1-0

[Event "SC-2011-0-00110"]
[Site "LSS email"]
[Date "2011.07.22"]
[Round "?"]
[White "Gorin, Anton Valerievich"]
[Black "Lifshitz, Samuel"]
[Result "1-0"]
[WhiteElo "1905"]
[BlackElo "1686"]
[PlyCount "117"]
[EventDate "2011.07.01"]
[EventType "tourn (corr)"]
[EventRounds "6"]
[EventCountry "GER"]
[SourceTitle "Telechess CBM 155"]
[Source "ChessBase"]
[SourceDate "2013.07.16"]
[SourceVersion "1"]
[SourceVersionDate "2013.07.16"]
[SourceQuality "1"]

1. e4 e6 2. d4 d5 3. Nc3 dxe4 4. Nxe4 Bd7 5. Nf3 Bc6 6. Bd3 Nd7 7. Bf4 Ndf6 8. Neg5 Bb4+ 9. c3 Bd6 10. Ne5 Bxe5 11. Bxe5 Ne7 12. 0-0 Ng6 13. f4 Qe7 14. b4 0-0-0 15. b5 Be8 16. Qd2 Nh5 17. Rae1 h6 18. Bxg6 hxg5 19. Bxf7 Bxf7 20. fxg5 Rdf8 21. g4 Bg6 22. a4 Be8 23. c4 Rxf1+ 24. Rxf1 Rf8 25. Rxf8 Qxf8 26. Qa5 Qe7 27. c5 Kb8 28. h3 Nf6 29. b6 axb6 30. cxb6 Nd5 31. Qa7+ Kc8 32. Qa8+ Kd7 33. bxc7 Nxc7 34. Qxb7 Qd8 35. a5 Bg6 36. h4 Qc8 37. Qxc8+ Kxc8 38. Bxg7 Nd5 39. h5 Bd3 40. Kf2 Kb7 41. Kf3 Ka6 42. Bf6 Kb7 43. Bd8 Kc8 44. Bb6 Kd7 45. Bc5 e5 46. dxe5 Nc7 47. g6 Ne6 48. a6 Kc6 49. Ke3 Bb1 50. Bd4 Kc7 51. a7 Kb7 52. Bb6 Bc2 53. Kd2 Bb1 54. Kc3 Be4 55. Kc4 Ka8 56. h6 Bxg6 57. Kd5 Bf7 58. Kd6 Ng5 59. Be3 1-0

[Event "SC-2011-0-00110"]
[Site "LSS email"]
[Date "2011.07.22"]
[Round "?"]
[White "Lifshitz, Samuel"]
[Black "Correa de Almeida, Claudio"]
[Result "0-1"]
[WhiteElo "1686"]
[BlackElo "1640"]
[PlyCount "106"]
[EventDate "2011.07.01"]
[EventType "tourn (corr)"]
[EventRounds "6"]
[EventCountry "GER"]
[SourceTitle "Telechess CBM 155"]
[Source "ChessBase"]
[SourceDate "2013.07.16"]
[SourceVersion "1"]
[SourceVersionDate "2013.07.16"]
[SourceQuality "1"]

1. b4 e5 2. Bb2 e4 3. e3 d5 4. c4 Nf6 5. b5 Nbd7 6. Nh3 dxc4 7. Bxc4 Nb6 8. Bb3 Bxh3 9. gxh3 Be7 10. Nc3 Qd7 11. Rg1 0-0-0 12. Qc2 g6 13. 0-0-0 Rhf8 14. Nxe4 Nfd5 15. d4 Qxb5 16. Kb1 f5 17. Nc5 Rf6 18. Qd3 Qxd3+ 19. Nxd3 c6 20. h4 Rff8 21. a4 Bxh4 22. a5 Na8 23. a6 Nac7 24. axb7+ Kxb7 25. Rc1 Be7 26. Ne5 Rf6 27. h4 a5 28. h5 gxh5 29. Rg7 h6 30. Ba4 Nb5 31. Rc5 h4 32. Rxd5 Rxd5 33. Rxe7+ Ka6 34. Rg7 Rd8 35. Nd3 Kb6 36. Rg1 h5 37. Ne5 Ka6 38. Rh1 Rg8 39. Rxh4 Rh6 40. Bc2 Rg1+ 41. Ka2 Rg2 42. Nd3 Nc7 43. Bd1 Nd5 44. Bf3 Rg1 45. Kb3 Kb5 46. Be2 Kb6 47. Ka4 Rg5 48. Bf3 Rh7 49. Ne5 Rg1 50. Rxh5 Rxh5 51. Bxh5 Rg2 52. Nd3 Nb4 53. Nxb4 axb4 0-1

[Event "SC-2011-0-00110"]
[Site "LSS email"]
[Date "2011.07.22"]
[Round "?"]
[White "Lifshitz, Samuel"]
[Black "Vasquez, Gerardo"]
[Result "0-1"]
[WhiteElo "1686"]
[BlackElo "1922"]
[PlyCount "90"]
[EventDate "2011.07.01"]
[EventType "tourn (corr)"]
[EventRounds "6"]
[EventCountry "GER"]
[SourceTitle "Telechess CBM 155"]
[Source "ChessBase"]
[SourceDate "2013.07.16"]
[SourceVersion "1"]
[SourceVersionDate "2013.07.16"]
[SourceQuality "1"]

1. b4 e5 2. Bb2 Bxb4 3. Bxe5 Nf6 4. e3 d5 5. Nf3 0-0 6. Be2 c5 7. 0-0 Nc6 8. Bb2 Re8 9. Nc3 Ba5 10. d4 c4 11. Rb1 Qe7 12. Qc1 b6 13. Ba3 Qd8 14. Qb2 a6 15. Ne5 Nxe5 16. dxe5 d4 17. exd4 Qxd4 18. Nb5 Qxb2 19. Bxb2 axb5 20. Bf3 Rb8 21. exf6 Bf5 22. Bd4 Bxc2 23. Rxb5 Ba4 24. Rg5 g6 25. Rd5 Rbd8 26. Be3 c3 27. Rxd8 Rxd8 28. h4 c2 29. Rc1 Bb4 30. Be4 Rd1+ 31. Kh2 Bc5 32. Rxc2 Bxc2 33. Bxc2 Rd6 34. Kg3 Rxf6 35. Bb3 Bxe3 36. fxe3 b5 37. e4 Kf8 38. Bc2 Ke7 39. e5 Rf1 40. Bd3 Ra1 41. Bxb5 Rxa2 42. Bc6 Ke6 43. Kf4 Rc2 44. Be4 Rc4 45. g3 h5 0-1

[Event "SB-2011-0-00146"]
[Site "LSS email"]
[Date "2011.04.24"]
[Round "?"]
[White "De Waele, Willy"]
[Black "Lifshitz, Samuel"]
[Result "1-0"]
[WhiteElo "1987"]
[BlackElo "1808"]
[PlyCount "61"]
[EventDate "2011.04.05"]
[EventType "tourn (corr)"]
[EventRounds "6"]
[EventCountry "GER"]
[SourceTitle "Telechess CBM 149"]
[Source "ChessBase"]
[SourceDate "2012.07.17"]
[SourceVersion "1"]
[SourceVersionDate "2012.07.17"]
[SourceQuality "1"]

1. e4 e5 2. Nf3 Nc6 3. Bb5 a6 4. Ba4 Nf6 5. 0-0 Be7 6. Re1 b5 7. Bb3 0-0 8. c3 d5 9. exd5 Nxd5 10. Nxe5 Nxe5 11. Rxe5 c6 12. d4 Bd6 13. Re1 Qh4 14. g3 Qh3 15. Be3 Bg4 16. Qd3 Rae8 17. Nd2 Re6 18. a4 bxa4 19. Rxa4 f5 20. Qf1 Qh5 21. f4 Rb8 22. Bxd5 cxd5 23. Rxa6 Rbe8 24. Qb5 Qf7 25. h3 Bh5 26. Qxd5 Bxf4 27. Rxe6 Rxe6 28. Nf1 Bd6 29. Ra1 Bf8 30. Bf4 Re2 31. Qxf7+ 1-0

[Event "SB-2011-0-00146"]
[Site "LSS email"]
[Date "2011.04.24"]
[Round "?"]
[White "Lifshitz, Samuel"]
[Black "Sorcinelli, Andrea"]
[Result "1/2-1/2"]
[WhiteElo "1808"]
[BlackElo "1994"]
[PlyCount "55"]
[EventDate "2011.04.05"]
[EventType "tourn (corr)"]
[EventRounds "6"]
[EventCountry "GER"]
[SourceTitle "Telechess CBM 149"]
[Source "ChessBase"]
[SourceDate "2012.07.17"]
[SourceVersion "1"]
[SourceVersionDate "2012.07.17"]
[SourceQuality "1"]

1. e4 c5 2. Nf3 d6 3. d4 cxd4 4. Nxd4 Nf6 5. Nc3 a6 6. Bc4 e6 7. Bb3 Nbd7 8. Bg5 Qa5 9. Qd2 Be7 10. 0-0-0 Nc5 11. Rhe1 0-0 12. Kb1 Qc7 13. Nf3 Rd8 14. Qe3 b5 15. e5 dxe5 16. Qxe5 Qxe5 17. Nxe5 Bb7 18. f3 Rac8 19. Ng4 Kf8 20. Ne5 Ke8 21. Nd3 Nxd3 22. Rxd3 Rxd3 23. cxd3 h6 24. Be3 Rd8 25. Rd1 g5 26. a3 g4 27. Ne4 h5 28. h3 1/2-1/2

[Event "SB-2011-0-00133"]
[Site "LSS email"]
[Date "2011.02.19"]
[Round "?"]
[White "Lifshitz, Samuel"]
[Black "Banshchikov, Valery Vasilyevich"]
[Result "0-1"]
[WhiteElo "1808"]
[BlackElo "1896"]
[PlyCount "66"]
[EventDate "2011.01.19"]
[EventType "tourn (corr)"]
[EventRounds "6"]
[EventCountry "GER"]
[SourceTitle "Telechess CBM 149"]
[Source "ChessBase"]
[SourceDate "2012.07.17"]
[SourceVersion "1"]
[SourceVersionDate "2012.07.17"]
[SourceQuality "1"]

1. e4 e5 2. Nf3 f5 3. Bc4 b5 4. Bb3 fxe4 5. d4 exd4 6. Ne5 d5 7. Qh5+ g6 8. Nxg6 hxg6 9. Qxh8 Be6 10. Qxd4 c5 11. Qe5 Kf7 12. Bg5 Nc6 13. Qxe6+ Kxe6 14. Bxd8 Rxd8 15. c3 c4 16. Bc2 b4 17. Nd2 Bg7 18. Nb1 Rb8 19. a3 bxc3 20. bxc3 Rb2 21. Kd1 Ne5 22. Kc1 Rb7 23. Re1 Nd3+ 24. Bxd3 cxd3 25. g3 Bh6+ 26. f4 g5 27. fxg5 Bxg5+ 28. Nd2 Bxd2+ 29. Kxd2 Rb2+ 30. Ke3 Nh6 31. h3 Nf5+ 32. Kf4 Rf2+ 33. Kg4 d2 0-1

[Event "LSS SB-2010-0-00127"]
[Site "LSS email"]
[Date "2011.01.04"]
[Round "?"]
[White "Morcin, Tom"]
[Black "Lifshitz, Samuel"]
[Result "1-0"]
[WhiteElo "1861"]
[BlackElo "1783"]
[PlyCount "89"]
[EventDate "2010.12.14"]
[EventType "tourn (corr)"]
[EventRounds "6"]
[EventCountry "GER"]
[SourceTitle "Telechess CBM 147"]
[Source "ChessBase"]
[SourceDate "2012.03.16"]
[SourceVersion "1"]
[SourceVersionDate "2012.03.16"]
[SourceQuality "1"]

1. e4 e5 2. Nf3 Nc6 3. Bb5 a6 4. Ba4 Nf6 5. 0-0 Be7 6. Re1 b5 7. Bb3 0-0 8. c3 d5 9. exd5 e4 10. dxc6 exf3 11. d4 Re8 12. Qxf3 Bd6 13. Qd1 Bf5 14. Nd2 Bxh2+ 15. Kxh2 Ng4+ 16. Kg1 Qh4 17. Nf3 Qxf2+ 18. Kh1 Be4 19. Bf4 Bxf3 20. Rxe8+ Rxe8 21. gxf3 Re2 22. Qf1 Qh4+ 23. Kg1 Rh2 24. fxg4 Rh1+ 25. Kg2 Qh3+ 26. Kf2 Rxf1+ 27. Rxf1 Qxg4 28. Bxc7 Qf5+ 29. Kg2 Qe4+ 30. Rf3 Qxc6 31. Bxf7+ Kh8 32. Bg3 Qe4 33. Be6 h5 34. Bf5 Qc6 35. Bc2 b4 36. Be5 Kg8 37. c4 g5 38. Kf2 g4 39. Rf6 Qh1 40. c5 Qh4+ 41. Ke2 g3 42. c6 Qg4+ 43. Kf1 Qh3+ 44. Ke1 g2 45. Kf2 1-0

[Event "CP-2010-P-00032"]
[Site "LSS email"]
[Date "2010.09.28"]
[Round "?"]
[White "Lifshitz, Samuel"]
[Black "Garbar, Andrey V"]
[Result "1/2-1/2"]
[WhiteElo "1843"]
[BlackElo "2241"]
[PlyCount "71"]
[EventDate "2010.10.01"]
[EventType "tourn (corr)"]
[EventRounds "6"]
[EventCountry "GER"]
[SourceTitle "Telechess CBM 143"]
[Source "ChessBase"]
[SourceDate "2011.07.15"]
[SourceVersion "1"]
[SourceVersionDate "2011.07.15"]
[SourceQuality "1"]

1. e4 c6 2. d4 d5 3. Nc3 dxe4 4. Nxe4 Bf5 5. Ng3 Bg6 6. h4 h6 7. Nf3 Nd7 8. h5 Bh7 9. Bd3 Bxd3 10. Qxd3 e6 11. Bf4 Qa5+ 12. Bd2 Qc7 13. 0-0-0 Ngf6 14. Ne4 0-0-0 15. g3 Nxe4 16. Qxe4 Bd6 17. c4 c5 18. d5 Nf6 19. Qc2 exd5 20. cxd5 Rhe8 21. Bc3 Ng4 22. Kb1 Kb8 23. Rhe1 Rxe1 24. Rxe1 f6 25. Re2 Qd7 26. b3 Bc7 27. Rd2 b6 28. Nh4 Be5 29. Bxe5+ Nxe5 30. d6 Re8 31. a3 Re6 32. f4 Nc6 33. Nf5 Nd4 34. Nxd4 cxd4 35. Rxd4 Rxd6 36. Rxd6 1/2-1/2

[Event "CP-2010-P-00032"]
[Site "LSS email"]
[Date "2010.09.28"]
[Round "?"]
[White "Lifshitz, Samuel"]
[Black "Zielinski, Sergej"]
[Result "0-1"]
[WhiteElo "1808"]
[BlackElo "2131"]
[PlyCount "106"]
[EventDate "2010.10.01"]
[EventType "tourn (corr)"]
[EventRounds "6"]
[EventCountry "GER"]
[SourceTitle "Telechess CBM 151"]
[Source "ChessBase"]
[SourceDate "2012.11.13"]
[SourceVersion "1"]
[SourceVersionDate "2012.11.13"]
[SourceQuality "1"]

1. e4 e5 2. Nf3 Nc6 3. d4 exd4 4. c3 dxc3 5. Nxc3 Bb4 6. Bc4 d6 7. 0-0 Bxc3 8. bxc3 Nf6 9. e5 Nxe5 10. Nxe5 dxe5 11. Qb3 Qe7 12. Ba3 c5 13. Bb5+ Bd7 14. Bxd7+ Qxd7 15. Bxc5 Ne4 16. Be3 0-0 17. f3 Nf6 18. c4 Qc7 19. Rfe1 h6 20. Bf2 Rfe8 21. a4 e4 22. Bd4 exf3 23. Qxf3 Nd7 24. Qc3 f6 25. a5 a6 26. c5 Rac8 27. Rad1 Nb8 28. Bf2 Nc6 29. Qb3+ Kh8 30. Qb6 Qxb6 31. axb6 Rxe1+ 32. Bxe1 Rd8 33. Rxd8+ Nxd8 34. Kf2 Kg8 35. Ke3 Kf7 36. Bc3 Ke6 37. Kd4 Nc6+ 38. Kc4 Ne7 39. Bb2 h5 40. Bc3 Kd7 41. Bd2 Kc6 42. Be3 Ng6 43. h3 a5 44. Kb3 Kb5 45. g3 Ne5 46. Bg1 Nd7 47. c6 Kxc6 48. Ka4 Nxb6+ 49. Kxa5 Nd5 50. Ka4 g5 51. Bf2 b5+ 52. Kb3 f5 53. h4 gxh4 0-1

[Event "CP-2010-P-00032"]
[Site "LSS email"]
[Date "2010.09.28"]
[Round "?"]
[White "Lind, Anders"]
[Black "Lifshitz, Samuel"]
[Result "0-1"]
[WhiteElo "881"]
[BlackElo "1806"]
[PlyCount "48"]
[EventDate "2010.10.01"]
[EventType "tourn (corr)"]
[EventRounds "6"]
[EventCountry "GER"]
[SourceTitle "Telechess CBM 143"]
[Source "ChessBase"]
[SourceDate "2011.07.15"]
[SourceVersion "1"]
[SourceVersionDate "2011.07.15"]
[SourceQuality "1"]

1. e4 e5 2. Nf3 Nc6 3. Bb5 a6 4. Ba4 Nf6 5. 0-0 Be7 6. Re1 b5 7. Bb3 0-0 8. c3 d5 9. exd5 e4 10. dxc6 exf3 11. Qxf3 Bg4 12. Qg3 Re8 13. d4 Bd6 14. Rxe8+ Qxe8 15. Qe3 Qxc6 16. Bd2 Re8 17. Qd3 Be2 18. Qc2 Bf3 19. Be3 Bxh2+ 20. Kxh2 Qd6+ 21. Kg1 Ng4 22. gxf3 Qh2+ 23. Kf1 Rxe3 24. Qd2 Qh1# 0-1

[Event "CP-2010-P-00032"]
[Site "LSS email"]
[Date "2010.09.28"]
[Round "?"]
[White "Vananderoye, Tom"]
[Black "Lifshitz, Samuel"]
[Result "1-0"]
[WhiteElo "1844"]
[BlackElo "1808"]
[PlyCount "135"]
[EventDate "2010.10.01"]
[EventType "tourn (corr)"]
[EventRounds "6"]
[EventCountry "GER"]
[SourceTitle "Telechess CBM 151"]
[Source "ChessBase"]
[SourceDate "2012.11.13"]
[SourceVersion "1"]
[SourceVersionDate "2012.11.13"]
[SourceQuality "1"]

1. e4 e5 2. Nf3 Nc6 3. Bb5 a6 4. Ba4 Nf6 5. 0-0 Be7 6. Re1 b5 7. Bb3 0-0 8. a4 b4 9. d3 a5 10. Nbd2 d6 11. h3 Bd7 12. c3 Qc8 13. Nf1 Rb8 14. Ne3 h6 15. Bd2 Re8 16. Qc2 Be6 17. Nd5 Qb7 18. Bc4 b3 19. Qb1 Na7 20. Be3 Nc8 21. Nxf6+ Bxf6 22. Bxe6 Rxe6 23. Ra3 Re8 24. Nd2 Qc6 25. Rxb3 Rxb3 26. Nxb3 Nb6 27. Nxa5 Qxa4 28. Bxb6 cxb6 29. Nc4 Qc6 30. Ne3 Ra8 31. Nd5 Bd8 32. b4 Qd7 33. Qb2 Qa7 34. c4 Qa6 35. g3 Qa2 36. Re2 Qa4 37. Rc2 Kf8 38. d4 exd4 39. Rd2 Rc8 40. Qxd4 Kg8 41. Qd3 Qa1+ 42. Kg2 Ra8 43. Qd4 Qxd4 44. Rxd4 g6 45. Rd2 Kf8 46. Kf3 Ra3+ 47. Ke2 Kg7 48. Rd3 Ra2+ 49. Rd2 Ra1 50. f4 h5 51. Ne3 Be7 52. h4 Ra3 53. Rd3 Ra1 54. Nd5 Bd8 55. f5 Ra2+ 56. Kf3 Ra4 57. fxg6 fxg6 58. Nf4 Bf6 59. Rxd6 Rxb4 60. Nd5 Rb3+ 61. Kf4 Bc3 62. Rd7+ Kh6 63. Ne7 Bg7 64. Ng8+ Kh7 65. Nf6+ Kh6 66. g4 hxg4 67. Nxg4+ Kh7 68. e5 1-0

[Event "LSS SB-2010-0-00103"]
[Site "LSS email"]
[Date "2010.08.05"]
[Round "?"]
[White "Lifshitz, Samuel"]
[Black "Herzog, Klaus"]
[Result "0-1"]
[WhiteElo "1778"]
[BlackElo "1763"]
[PlyCount "128"]
[EventDate "2010.07.10"]
[EventType "tourn (corr)"]
[EventRounds "6"]
[EventCountry "GER"]
[SourceTitle "Telechess CBM 147"]
[Source "ChessBase"]
[SourceDate "2012.03.16"]
[SourceVersion "1"]
[SourceVersionDate "2012.03.16"]
[SourceQuality "1"]

1. e4 c6 2. d4 d5 3. e5 c5 4. dxc5 Nc6 5. Bb5 e6 6. Be3 Nge7 7. c3 Nf5 8. Bd4 Bd7 9. Nf3 Nxe5 10. Nxe5 Bxb5 11. Na3 Bc6 12. 0-0 Be7 13. Nc2 0-0 14. Nxc6 bxc6 15. Nb4 Qd7 16. Nd3 Nxd4 17. cxd4 Bf6 18. Qa4 Rfb8 19. Rfe1 Qb7 20. b3 a5 21. Red1 Qb5 22. Qxb5 Rxb5 23. Ne1 h6 24. Rab1 Rab8 25. Nf3 g5 26. h3 Kg7 27. Rbc1 a4 28. bxa4 Ra5 29. Rc3 Rxa4 30. Rb3 Rba8 31. Rb6 R8a6 32. Rxa6 Rxa6 33. Rd2 Ra3 34. Rb2 h5 35. Rb6 Rxa2 36. Rxc6 Ra4 37. Rc7 Bxd4 38. Nxd4 Rxd4 39. Kf1 Rc4 40. Ke2 Kf6 41. Kd2 e5 42. Rc6+ Kf5 43. Rc8 d4 44. c6 h4 45. Rc7 f6 46. Rc8 Ke4 47. c7 Rc6 48. Rf8 Rxc7 49. Rxf6 Rb7 50. Rf3 Rb2+ 51. Kd1 Rb1+ 52. Ke2 Rg1 53. Rb3 Kd5 54. Rb5+ Kd6 55. Rb3 e4 56. Rb8 Rxg2 57. Rd8+ Ke5 58. Re8+ Kf5 59. Rf8+ Kg6 60. Rg8+ Kf6 61. Rd8 e3 62. Rxd4 Rxf2+ 63. Kxe3 Rh2 64. Ke4 Rxh3 0-1

[Event "LSS SB-2010-0-00103"]
[Site "LSS email"]
[Date "2010.08.05"]
[Round "?"]
[White "Lifshitz, Samuel"]
[Black "Migliorini, Roberto"]
[Result "1/2-1/2"]
[WhiteElo "1778"]
[BlackElo "1746"]
[PlyCount "96"]
[EventDate "2010.07.10"]
[EventType "tourn (corr)"]
[EventRounds "6"]
[EventCountry "GER"]
[SourceTitle "Telechess CBM 147"]
[Source "ChessBase"]
[SourceDate "2012.03.16"]
[SourceVersion "1"]
[SourceVersionDate "2012.03.16"]
[SourceQuality "1"]

1. e4 c5 2. Nf3 Nc6 3. d4 cxd4 4. Nxd4 Nf6 5. Nc3 d6 6. Bg5 e6 7. Qd2 a6 8. 0-0-0 h6 9. Be3 Be7 10. f4 Bd7 11. Kb1 Qc7 12. Qe1 b5 13. Bd3 Rc8 14. f5 Ne5 15. fxe6 fxe6 16. Qg3 g5 17. a3 Nxd3 18. Rxd3 a5 19. h4 g4 20. Rc1 b4 21. Ncb5 Qb8 22. a4 h5 23. Bg5 Nxe4 24. Qe3 d5 25. Bxe7 Kxe7 26. Re1 Rhf8 27. Qh6 Qf4 28. Qh7+ Qf7 29. Qh6 Qf6 30. Qxh5 e5 31. Na7 Rc5 32. Qh7+ Rf7 33. Qh5 Bxa4 34. Ka2 Kd6 35. Ndb5+ Rxb5 36. Rxe4 Rxa7 37. Rxg4 Bxc2 38. Rg6 Qxg6 39. Qxg6+ Kc5 40. Qg3 Bxd3 41. Qe3+ d4 42. Qxe5+ Kc6 43. Qf6+ Kd5 44. Qf3+ Be4 45. Qh5+ Kc6 46. Qe8+ Rd7 47. Qxe4+ Rbd5 48. Qd3 Kc5 1/2-1/2